000 00346nam a2200157Ia 4500
100 _aRoy choudhury D
650 _aCIRCUITS
250 _a3
942 _cBK
245 _aLinear Integrated Circuits
260 _bNew Age International Ltd.
_aMumbai
_c2007
082 _a621.3815/ROY
_bROY
300 _a378
546 _aENGLISH
999 _c24947
_d24947